STN EN 62040-2: 2007 (36 9066), Zdroje neprerušovaného napájania (UPS) Časť 2 Požiadavky na elektromagnetickú kompatibilitu (EMC)

Táto norma je slovenskou verziou EN 62040-2: 2006. Európska norma EN 62040-2: 2006 má postavenie slovenskej technickej normy

Bibliographic Details
Other Authors: Chovanová, Katarína (Translator)
Format: Book
Language:Slovak
English
PhysicalDescription:40 s. obr. 30 cm
Published: Bratislava Slovenský ústav technickej normalizácie 2007
Subjects:

MARC

LEADER 00000nam a2200000 a 4500
001 vtls008952662
003 SK-MaSNL
005 20260301080859.0
008 130117s2007 xo l f u 000 0 slo
015 |a SNBN2008/03-01056 
020 |c (cen. skup. 13) 
040 |a SNK  |b slo  |c SNK  |e AACR2 
041 1 |a slo  |h eng 
044 |a xo  |c SK 
046 |a s  |m 200702 (účin.) 
072 7 |a 621.3  |x Elektrotechnika  |2 konspekt 
080 |a 621.311.6  |2 2001 
080 |a 621.311.8  |2 2001 
080 |a 621.37-021.29  |2 2001 
080 |a 006.7/.8  |2 2001 
080 |a (437.6)  |2 2001 
080 |a (4)  |2 2001 
080 |a (083)  |2 2001 
084 |a 17.220  |2 ICS 
084 |a 29.200  |2 ICS 
130 0 |a STN 36 9066 (STN EN 62040-2)  |9 403279 
245 1 0 |a STN EN 62040-2: 2007 (36 9066), Zdroje neprerušovaného napájania (UPS)  |n Časť 2  |p Požiadavky na elektromagnetickú kompatibilitu (EMC) 
246 1 0 |a Zdroje neprerušovaného napájania (UPS) 
246 1 0 |a Požiadavky na elektromagnetickú kompatibilitu (EMC) 
246 3 0 |a IEC 62040-2: 2005 
246 3 0 |a EN 50091-2: 1995 
260 |a Bratislava  |b Slovenský ústav technickej normalizácie  |c 2007 
300 |a 40 s.  |b obr.  |c 30 cm 
500 |a Táto norma nahrádza anglickú verziu STN EN 62040-2 z októbra 2006 a STN EN 50091-2 z júla 1999 v celom rozsahu. STN EN 50091-2 z júla 1999 sa môže súbežne s touto normou používať do 1. 10. 2008 
500 |a Spracovateľ: Katarína Chovanová. 
520 8 |a Táto norma je slovenskou verziou EN 62040-2: 2006. Európska norma EN 62040-2: 2006 má postavenie slovenskej technickej normy 
540 |a Normy sa podľa zákona č. 264/1999 Z. z. nesmú kopírovať 
650 0 7 |a napájacie zdroje  |2 SNKPH  |9 84920 
650 0 7 |a zdroje nepretržitého napájania  |2 SNKPH  |9 403280 
650 0 7 |a elektromagnetická kompatibilita  |2 SNKPH  |9 69980 
650 0 7 |a technické normy a štandardy  |z Slovensko  |2 SNKPH  |9 79594 
650 0 7 |a technické normy a štandardy  |z krajiny Európskej únie  |2 SNKPH  |9 289341 
655 7 |a normy  |2 SNKPH  |9 70643 
700 1 |a Chovanová, Katarína  |4 trl  |9 314711 
710 2 |a Slovenský ústav technickej normalizácie  |4 stn  |9 32706 
958 |a OP 
999 |c 654366  |d 656296 
952 |a SNK  |b SNK  |y PREZ  |7 0  |p 17A0543679  |o snkSTN EN 62040-2  |i snk2007/6273  |8 0  |0 0  |1 0  |4 0  |d 2007-03-06  |l 0  |r 2026-02-23 18:32:48  |w 2026-02-23 
952 |a SNK  |b SNK  |y PREZ  |7 0  |p 17A0543335  |o snkSTN EN 62040-2 D1  |i snk2007/6565  |8 0  |0 0  |1 0  |4 0  |d 2007-03-08  |l 0  |r 2026-02-23 18:32:48  |w 2026-02-23